|
|
|
|
| LEADER |
00000nab a2200000 a 4500 |
| 001 |
vtls000507083 |
| 003 |
SK-MaSNL |
| 005 |
20260305014629.0 |
| 008 |
120927c xo 0 slo |
| 015 |
|
|
|a SNBRB19rr/mm-uuuuu
|
| 035 |
|
|
|a CL0507221
|
| 040 |
|
|
|a SNKBUCL
|b slo
|c SNKBUCL
|e AACR2
|
| 041 |
0 |
|
|a slo
|
| 044 |
|
|
|a xo
|c SK
|
| 080 |
|
|
|a 061.25(437.6)
|2 1981
|
| 100 |
1 |
|
|a Hlinková, Marta
|4 aut
|9 727552
|
| 245 |
1 |
0 |
|a Dôveruje budúcnosti
|c Marta Hlinková, Blanka Petriščáková
|
| 300 |
|
|
|b Fotogr. 1
|
| 610 |
2 |
7 |
|a Matica slovenská.
|b Dom Matice slovenskej Galanta
|2 snkbucl
|9 199695
|
| 651 |
|
7 |
|a 5203
|2 snkbucl
|9 380309
|
| 655 |
|
7 |
|a články z novín a časopisov
|2 snkbucl
|9 267496
|
| 700 |
1 |
|
|a Petriščáková, Blanka
|4 aut
|9 8641
|
| 773 |
0 |
|
|t Slovenské národné noviny
|g Roč. 4 (8), č. 46 (1993), s. 15
|x 0862-8823
|
| 850 |
|
|
|a Slovenská národná knižnica v Martine
|a MTA001
|
| 852 |
|
|
|a SNK
|b KIS3GCP
|
| 958 |
|
|
|a RK
|
| 992 |
|
|
|a RBX
|
| 999 |
|
|
|c 3270613
|d 3272543
|